01119 2200409 4500001002100000005001500021035002000036007000300056008004100059020002200100040001200122082001500134084001700149245008700166260003200253300003800285650003100323850001200354041000800366700001400374100003000388250002600418090002000444504002900464990001800493990001800511990001800529990001800547990001800565990001800583990001800601990001800619990001800637990001800655990001800673990001800691INLIS00000000081647420180904085811 a0010-0818001115ta180828s2017 yoia g ind d a978-602-1624-31-9 aYOPDYOG04223a639.32 a639.32 WAH p0 aPasti hoki dengan budidaya ikan pari /cWahyu Dwi Herawati ; penyunting, Tristanti aYogyakarta :bZahara,c2017 a112 halaman :bIlsutrasi ;c21 cm 4aPari (Ikan)--xPemeliharan aYOPDYOG0 aind0 aTristanti0 aWahyu Dwi Herawatid1984- acetakan pertama, 2017 aPK 639.32 WAH p aBibliografi: halaman 109 a37612-PD/B.18 a37613-PD/B.18 a37614-PD/B.18 a37614-PD/B.18 a37612-PD/B.18 a37613-PD/B.18 a37613-PD/B.18 a37612-PD/B.18 a37614-PD/B.18 a37612-PD/B.18 a37613-PD/B.18 a37614-PD/B.18